| 000 | 00580nam a22001697a 4500 | ||
|---|---|---|---|
| 003 | MACL | ||
| 005 | 20160717161007.0 | ||
| 008 | 160717b xxu||||| |||| 00| 0 eng d | ||
| 040 | _cMACL | ||
| 041 | _aHindi | ||
| 082 | _a891.431 PAN | ||
| 100 |
_aपाण्डेय, प्रकाश चन्द्र _964645 |
||
| 245 |
_aआज का सवाल _cप्रकशन चन्द्र पाण्डेय |
||
| 260 |
_aनई दिल्ली _bपर्व प्रकाशन _c2014 |
||
| 650 |
_aकविता _9226 |
||
| 942 |
_2ddc _cHIN |
||
| 999 |
_c54390 _d54390 |
||